000 01036cam a2200265 4500
008 090401t1998 xxu||||| |||| 00| 0 eng d
020 _a1859788343
035 _a(Sirsi) u85770
041 _aeng
050 _a347.4107
100 _ad`Ambrumenil, Peter L.
245 _aWhat is dispute resolution?
260 _aLondon
_bLLP
_c1998
300 _axiv,208p. : ill. ; 21cm.
350 _a45
520 _aDescribes the possible ways in which a dispute may be resolved through the courts or out of the court system. Explains how proceedings are conducted and the ways in which they may be curtailed, settled or averted.
650 _aALTERNATIVE DISPUTE RESOLUTION
650 _aARBITRATION ACT 1996
650 _aMANAGEMENT-DISPUTE AVOIDANCE, MANAGEMENT AND RESOLUTION-DISPUTE MANAGEMENT AND RESOLUTION-ARBITRATION
650 _aLITIGATION
650 _aMEDIATION
690 _aMANAGEMENT-DISPUTE AVOIDANCE, MANAGEMENT AND RESOLUTION-DISPUTE MANAGEMENT AND RESOLUTION-ARBITRATION
942 _n0
948 _c23/04/1998
999 _c97075
_d97075